Projektování nové informační technologie Studijní texty
Uložené v:
| Médium: | Kniha |
|---|---|
| Jazyk: | Czech |
| Vydavateľské údaje: |
Praha
Dům techn. ČSVTS
1987
|
| Vydanie: | 1. vyd. |
| Tagy: |
Žiadne tagy, Buďte prvý, kto otaguje tento záznam!
|
MARC
| LEADER | 00000nam a2200000 4500 | ||
|---|---|---|---|
| 001 | c034488 | ||
| 005 | 20221219103220.0 | ||
| 041 | 0 | |a cze | |
| 044 | |a CZ | ||
| 245 | 1 | 0 | |a Projektování nové informační technologie |b Studijní texty |
| 250 | |a 1. vyd. | ||
| 264 | 1 | |a Praha |b Dům techn. ČSVTS |c 1987 | |
| 300 | |a 75 s. | ||